LEADER 00864cam0-22003131i-450- 001 990000228970403321 005 20060526110118.0 035 $a000022897 035 $aFED01000022897 035 $a(Aleph)000022897FED01 035 $a000022897 100 $a20020821g19549999km-y0itay50------ba 101 0 $aita 105 $ay-------001yy 200 1 $aApplicazioni elettriche$fBasilio Focaccia 210 $aMilano$cVallardi$d1954- 215 $av.$d23 cm 327 0 $a2.: La conversione statica dell'energiaelettrica 610 0 $aElettrotecnica 676 $a621.3 700 1$aFocaccia,$bBasilio$0331134 801 0$aIT$bUNINA$gRICA$2UNIMARC 901 $aBK 912 $a990000228970403321 952 $a13 B 62 26$b20945$fFINBC 952 $a13 C 24 22$b22545$fFINBC 959 $aFINBC 996 $aApplicazioni elettriche$9122794 997 $aUNINA